Statistics for Disney Princesses by Picture

Click here to take the quiz!

General Stats

  • This quiz has been taken 214 times
  • The average score is 13 of 14

Answer Stats

Answer% Correct
Ariel
95%
Cinderella
95%
Elsa
95%
Rapunzel
95%
Anna
94%
Jasmine
94%
Mulan
94%
Pocahontas
94%
Snow White
94%
Moana
92%
Belle
90%
Aurora
83%
Tiana
83%
Merida
76%

Score Distribution

Percentile by Number Answered

Percent of People with Each Score

Your Score History

You have not taken this quiz